Światowi przywódcy 2023 roku! - Statystyki

Ogólne statystyki
  • Ten quiz został rozwiązany 91 razy
  • Średni wynik to 10 z 20
Statystyki odpowiedzi
Obrazkowy Odpowiedź % Poprawnych
Andrzej Duda
99%
Joe Biden
99%
Vladimir Putin
99%
Emmanuel Macron
96%
Alaksandr Łukaszenka
95%
Kim Dzong Un
90%
Olaf Scholz
81%
Xi Jinping
58%
Rishi Sunak
49%
Giorgia Meloni
44%
Justin Trudeau
40%
Petr Pavel
34%
Javier Milei
29%
Robert Fico
25%
Pedro Sanchez
22%
Lula da Silva
21%
Fumio Kishida
9%
Lopez Obrador
8%
Volodymyr Zelenskyy
8%
Anthony Albanese
3%
Nie znaleziono quizów pasujących do podanych kryteriów
Rozkład punktacji
Procent ludzi z każdym wynikiem
Percentyl według liczby udzielonych odpowiedzi
Twoja historia wyników
Nie rozwiązałeś tego quizu